000 00833nam a2200253Ia 4500
003 OSt
005 20260205142523.0
008 210716s2004 xx 000 0 und d
020 _a8129703165
040 _cAIMIT LIBRARY
041 _aeng
082 _a350
_21
_bCOXR
100 _aCox iii, Raymond W.
_9253724
245 _aPublic administration in theory and practice /
_cBy Raymond W Cox III, Susan J Buck and Betty N Morgan.
250 _a1st ed.
260 _aNew Delhi :
_bPearson Education ,
_c2004.
300 _aviii,281p. ;
_bPB
_c24.6 cm
650 _aNormative functions
_9253725
650 _aPublic administration as management
_9253726
650 _aPublic administration as planned change
_9253727
700 _aBuck, Susan J.
_9253728
700 _aMorgan, Betty N.
_9253729
942 _2ddc
_cBK
_e1st
_k350 COXR
999 _c186148
_d186148